UM Logo

Auditing Theory: (Record no. 287)

MARC details
000 -LEADER
fixed length control field 00593nam a2200181 4500
008 - FIXED-LENGTH DATA ELEMENTS--GENERAL INFORMATION
fixed length control field 151127b xxu||||| |||| 00| 0 eng d
020 ## - INTERNATIONAL STANDARD BOOK NUMBER
International Standard Book Number 9789719919636
082 ## - DEWEY DECIMAL CLASSIFICATION NUMBER
Classification number DFil 657.45
Item number S9175
100 ## - MAIN ENTRY--PERSONAL NAME
9 (RLIN) 651
Personal name Salosagcol, Jekell G.
245 ## - TITLE STATEMENT
Title Auditing Theory:
Remainder of title A Guide in Understanding PSA/
Statement of responsibility, etc. Jekell G. Salosagcol
250 ## - EDITION STATEMENT
Edition statement 2014 Edition
260 ## - PUBLICATION, DISTRIBUTION, ETC. (IMPRINT)
Place of publication, distribution, etc. C.M. Recto Manila, Philippines
Name of publisher, distributor, etc. GIC Enterprises & Co., Inc.,
Date of publication, distribution, etc. c2014
300 ## - PHYSICAL DESCRIPTION
Extent 676 pages;
Dimensions 22 cm
650 #0 - SUBJECT ADDED ENTRY--TOPICAL TERM
9 (RLIN) 654
Topical term or geographic name as entry element Auditing
General subdivision Problems,Exercise,etc.
700 ## - ADDED ENTRY--PERSONAL NAME
9 (RLIN) 657
Personal name Roel E. Hermosilla
365 ## - TRADE PRICE
Price amount 745.00
Currency code Php
942 ## - ADDED ENTRY ELEMENTS (KOHA)
Source of classification or shelving scheme Dewey Decimal Classification
Koha item type Filipiniana
Holdings
Withdrawn status Lost status Source of classification or shelving scheme Damaged status Not for loan Collection code Home library Current library Shelving location Date acquired Source of acquisition Total Checkouts Full call number Barcode Date last seen Date last checked out Copy number Price effective from Koha item type
    Dewey Decimal Classification     Filipiniana UM Digos College - LIC UM Digos College - LIC Book Cart 08/28/2015 Purchased 17 DFil 657.45 S9175 2014 23489 05/04/2023 04/29/2023 1 11/27/2015 Filipiniana